000 01092cam a2200265 4500
008 020909n2002 000 0 eng u
020 _a0750653728
035 _a(Sirsi) u119629
041 _aeng.
050 _a720.2856
100 _aWhyte, J.
245 _aVirtual reality and the built environment
260 _aOxford
_bArchitectural Press
_c2002
300 _axiv,150p.
_bill.
_c25cm.
350 _a27.50
520 _aA guide to the practical uses of virtual reality in design, construction and management. Providing an overview of industrial applications of virtual reality, and exploring relevant research, the text is a useful resource for architects, designers and built environment professionals. A companion website, at www.buildingvr.com, offers access to online virtual reality models and links to relevant sites.
650 _aMODELLING
650 _aBUILT ENVIRONMENT
650 _aPROTOTYPE
650 _aVIRTUAL REALITY
650 _aARCHITECTURE
690 _aBUILT ENVIRONMENT-CONSTRUCTION DESIGN
856 _uhttps://www.buildingvr.com
942 _n0
999 _c102348
_d102348